Towards a sustainable transport system (Record no. 107635)
[ view plain ]
| 000 -LEADER | |
|---|---|
| fixed length control field | 01418cad a22002415a 4500 |
| 001 - CONTROL NUMBER | |
| control field | L141371 |
| 008 - FIXED-LENGTH DATA ELEMENTS--GENERAL INFORMATION | |
| fixed length control field | 071119c20071030xxk f 000 0 eng d |
| 020 ## - INTERNATIONAL STANDARD BOOK NUMBER | |
| International Standard Book Number | 9780101722629 |
| 035 ## - SYSTEM CONTROL NUMBER | |
| System control number | (Sirsi) u141371 |
| 041 0# - LANGUAGE CODE | |
| Language code of text/sound track or separate title | eng |
| 050 04 - LIBRARY OF CONGRESS CALL NUMBER | |
| Classification number | 333.72 $2 18 |
| 110 1# - MAIN ENTRY--CORPORATE NAME | |
| Corporate name or jurisdiction name as entry element | United Kingdom |
| Subordinate unit | Department for Transport |
| 9 (RLIN) | 4866 |
| 245 00 - TITLE STATEMENT | |
| Title | Towards a sustainable transport system |
| Remainder of title | supporting economic growth in a low carbon world |
| Medium | [electronic resource] |
| 260 ## - PUBLICATION, DISTRIBUTION, ETC. | |
| Place of publication, distribution, etc. | London |
| Name of publisher, distributor, etc. | Department for Transport |
| Date of publication, distribution, etc. | 2007 |
| 520 ## - SUMMARY, ETC. | |
| Summary, etc. | Sets out the UK Government's overall transport strategy. Presents plans aimed at both supporting economic growth and limiting transport's contribution to climate change. Responds to recommendations made by the Eddington Transport Study (L137759) and the Stern Review of the Economics of Climate Change (L135564). Summarises policy investment plans to 2014. Describes the Government's approach to strategic transport planning for the period 2014-2019 and beyond. |
| 590 ## - LOCAL NOTE (RLIN) | |
| Local note | KA |
| 650 24 - SUBJECT ADDED ENTRY--TOPICAL TERM | |
| Topical term or geographic name entry element | STERN REVIEW ON THE ECONOMICS OF CLIMATE CHANGE |
| 650 24 - SUBJECT ADDED ENTRY--TOPICAL TERM | |
| Topical term or geographic name entry element | EDDINGTON TRANSPORT STUDY |
| 651 #4 - SUBJECT ADDED ENTRY--GEOGRAPHIC NAME | |
| Geographic name | United Kingdom |
| Chronological subdivision | |
| 690 ## - LOCAL SUBJECT ADDED ENTRY--TOPICAL TERM (OCLC, RLIN) | |
| Topical term or geographic name as entry element | PROPERTY-INFRASTRUCTURE-TRANSPORT INFRASTRUCTURE |
| 856 40 - ELECTRONIC LOCATION AND ACCESS | |
| Uniform Resource Identifier | <a href="https://webarchive.nationalarchives.gov.uk/20071204125941/http://www.dft.gov.uk/about/strategy/transportstrategy/pdfsustaintranssystem.pdf">https://webarchive.nationalarchives.gov.uk/20071204125941/http://www.dft.gov.uk/about/strategy/transportstrategy/pdfsustaintranssystem.pdf</a> |
| Public note | View the item free of charge at nationalarchives.gov.uk |
| 942 ## - ADDED ENTRY ELEMENTS (KOHA) | |
| Suppress in OPAC | 0 |
| Withdrawn status | Lost status | Source of classification or shelving scheme | Damaged status | Not for loan | Home library | Current library | Shelving location | Date acquired | Total Checkouts | Full call number | Barcode | Date last seen | Copy number | Price effective from | Koha item type |
|---|---|---|---|---|---|---|---|---|---|---|---|---|---|---|---|
| Dewey Decimal Classification | Virtual | Virtual | Online | 19/11/2007 | ONLINE PUBLICATION | 141371-1001 | 06/08/2019 | 1 | 06/08/2019 | Book |